00364 a2200097 4500001001000000005001700010008004100027245004500068100002400113773012900137ART_2350620260410161931.0260409a 10aEl contralor de las personas jurídicas1 aZaldívar, Enrique0 tRevista de la Facultad de Ciencias Económicas de la Universidad de Cuyog- Año XIX, Nº 55/56 (ene./ago. 1967)wREV22981